000 00799nam a2200217 i 4500
001 114945
003 ES-MaACL
005 20230906190306.0
007 t|
008 070213s1927 sp ||||1| spa d
100 1 _aTellaeche, José.
_9109617
245 1 3 _aLa aventurera
_b: zarzuela en dos actos, el primero dividido en dos cuadros, en verso y prosa /
_cJosé Tellaeche ; música del maestro Rosillo.
260 _aMadrid :
_bRivadeneyra,
_c1927.
300 _a59 p. :
_bil. ;
_c17 cm.
490 1 _aLa Farsa ;
_v4
500 _aEstrenada en Madrid, en el teatro de la Latina, por la compañía de Eugenio Casals, el día 27 de septiembre de 1927.
700 1 _aPérez Rosillo, Ernesto.
_991123
830 0 _aLa Farsa ;
_v4
_9185863
852 _aES-MaACL
_jC-13179
999 _c114945
_d114945